000 00480nam a2200157 i 4500
001 87436
003 ES-MaACL
005 20230906175655.0
007 t|
008 041221s1959 sp ||||1| ger d
100 1 _aKucera, Enrique.
_968945
245 1 0 _aLeert Spaans Met Mif
_b: libro de turista holandés español /
_cEnrique Kucera.
260 _aBarcelona :
_bEnrique Kucera,
_c[1959] (
_fCondal)
300 _a144 p. :
_bil. ;
_c14 cm.
852 _aES-MaACL
_jC-18157
_bR.44296
999 _c87436
_d87436